Commercial development activity (Record no. 110761)
[ view plain ]
| 000 -LEADER | |
|---|---|
| fixed length control field | 01342cad a22002295a 4500 |
| 001 - CONTROL NUMBER | |
| control field | L150161 |
| 008 - FIXED-LENGTH DATA ELEMENTS--GENERAL INFORMATION | |
| fixed length control field | 091215s2009 xxkd f s 000 0 eng d |
| 035 ## - SYSTEM CONTROL NUMBER | |
| System control number | (Sirsi) u150161 |
| 041 0# - LANGUAGE CODE | |
| Language code of text/sound track or separate title | eng |
| 050 04 - LIBRARY OF CONGRESS CALL NUMBER | |
| Classification number | 333.337 $2 18 |
| 110 2# - MAIN ENTRY--CORPORATE NAME | |
| Corporate name or jurisdiction name as entry element | Savills Project Consultancy |
| 9 (RLIN) | 5857 |
| 245 00 - TITLE STATEMENT | |
| Title | Commercial development activity |
| Remainder of title | January 2010 |
| Medium | [electronic resource] |
| 260 ## - PUBLICATION, DISTRIBUTION, ETC. | |
| Place of publication, distribution, etc. | London |
| Name of publisher, distributor, etc. | Savills |
| Date of publication, distribution, etc. | 2010 |
| 490 #0 - SERIES STATEMENT | |
| Series statement | Savills UK Commercial Development Activity |
| Volume/sequential designation | January 2010 |
| 520 ## - SUMMARY, ETC. | |
| Summary, etc. | Growth of commercial development at end of 2009 driven by continued rebound in private sector activity.Savills survey data indicated a moderate expansion of overall commercial development activity in December, extending the current period of growth to five months. Private sector development underpinned the expansion in December, while public sector activity dropped further.The Total Commercial Development Activity Index signalled the slowest rate of growth since the start of the upturn in August. |
| 590 ## - LOCAL NOTE (RLIN) | |
| Local note | KA |
| 650 24 - SUBJECT ADDED ENTRY--TOPICAL TERM | |
| Topical term or geographic name entry element | SAVILLS UK COMMERCIAL DEVELOPMENT ACTIVITY PMI |
| 651 #4 - SUBJECT ADDED ENTRY--GEOGRAPHIC NAME | |
| Geographic name | United Kingdom |
| Chronological subdivision | |
| 690 ## - LOCAL SUBJECT ADDED ENTRY--TOPICAL TERM (OCLC, RLIN) | |
| Topical term or geographic name as entry element | PROPERTY-COMMERCIAL PROPERTY-COMMERCIAL PROPERTY MARKET |
| 856 40 - ELECTRONIC LOCATION AND ACCESS | |
| Uniform Resource Identifier | <a href="https://www.savills.com/research-archive/commercial-development-activity-january-2010.pdf">https://www.savills.com/research-archive/commercial-development-activity-january-2010.pdf</a> |
| Public note | View this report free of charge at www.savills.com... |
| 942 ## - ADDED ENTRY ELEMENTS (KOHA) | |
| Suppress in OPAC | 0 |
| Withdrawn status | Lost status | Source of classification or shelving scheme | Damaged status | Not for loan | Home library | Current library | Shelving location | Date acquired | Total Checkouts | Full call number | Barcode | Date last seen | Copy number | Price effective from | Koha item type |
|---|---|---|---|---|---|---|---|---|---|---|---|---|---|---|---|
| Dewey Decimal Classification | Virtual | Virtual | Online | 09/06/2010 | ONLINE PUBLICATION | 150161-2001 | 06/08/2019 | 1 | 06/08/2019 | Book |